000 00305 a2200121 4500
001 146461
040 _cEscola São Tomás de Aquino
100 _aBANDEIRA, Pedro
240 1 0 _aAlice no país da mentira
_lpor
245 1 0 _aAlice no país da mentira
697 _a*LITERATURA INFANTO JUVENIL
942 _cBK
999 _c146461
_d146461